Nizozemské zemědělství a jeho management.

Postavenie poľnohospodárstva v národnom hospodárstve Holandska. Štruktúra poľnohospodárskej výroby a jednotlivých produkčných faktorov (pôda, hospodárske zvieratá, pracovné sily). Štruktúra poľnohospodárskych podnikov. Štruktúra dodávateľského a spracovateľského priemyslu. Vyváženosť článkov reprodu...

Descripción completa

Guardado en:
Detalles Bibliográficos
Autor principal: Jeníček, Vladimír
Otros Autores: Boučková, B.
Formato: Capítulo de libro
Lenguaje:checo
Materias:
Etiquetas: Agregar Etiqueta
Sin Etiquetas, Sea el primero en etiquetar este registro!

MARC

LEADER 00000naa a2200000 4500
001 r008498
005 20220831091123.6
041 0 |a cze 
044 |a [CS] 
245 1 0 |a Nizozemské zemědělství a jeho management.  |c Vladimír Jeníček, B. Boučková 
520 |a Postavenie poľnohospodárstva v národnom hospodárstve Holandska. Štruktúra poľnohospodárskej výroby a jednotlivých produkčných faktorov (pôda, hospodárske zvieratá, pracovné sily). Štruktúra poľnohospodárskych podnikov. Štruktúra dodávateľského a spracovateľského priemyslu. Vyváženosť článkov reprodukčného procesu. Úloha štátu, vládnych organizácií a odvetvových organizácií. Nové funkcie poľnohospodárstva (rozvoj regiónov, ekológia..). 
610 2 0 |a manažment 
610 2 0 |a poľnohospodárstvo 
610 2 0 |a Holandsko 
610 2 0 |a hospodárstvo národné 
610 2 0 |a štruktúra výroby 
610 2 0 |a štruktúra podniku organizačná 
610 2 0 |a podnik poľnohospodársky 
610 2 0 |a priemysel spracovateľský 
610 2 0 |a štát 
100 1 |a Jeníček, Vladimír 
700 1 |a Boučková, B.